000 00602nam a2200133 a 4500
008 120823s1994 ||||||||||||||||| || u
050 _aCOMM(02)
110 _aCommonwealth Institute
245 1 0 _aReport to the Commonwealth ministers of education conference, Islamabad, Pakistan November 1994
_cBy the Commonwealth Institute
260 _aLondon:
_bCommonwealth Institute
_c1994
300 _a8p.: ill.
650 _aCOMMONWEALTH COUNTRIES--EDUCATION--CONGRESSES
995 _FCBU-MAIN LIBRARY (Kitwe)
_M1
_UAVAILABLE
_WAug 29, 2012
_ZInternational Publications
999 _c56244
_d56244